Państwa wyprzedzone przez Pakistan pod względem liczby ludności - Statystyki

Ogólne statystyki
  • Ten quiz został rozwiązany 2 176 razy
  • Średni wynik to 7 z 8
Statystyki odpowiedzi
Rok wyprzedzenia Populacja wtedy Państwo % Poprawnych
1999 148 000 000 Rosja
92%
1980 78 800 000 Niemcy
90%
2012 201 000 000 Brazylia
89%
1962 47 600 000 Francja
89%
1994 128 000 000 Japonia
86%
1968 55 400 000 Wielka Brytania
83%
1966 52 500 000 Włochy
76%
1984 92 600 000 Bangladesz
66%
Nie znaleziono quizów pasujących do podanych kryteriów
Rozkład punktacji
Procent ludzi z każdym wynikiem
Percentyl według liczby udzielonych odpowiedzi
Twoja historia wyników
Nie rozwiązałeś tego quizu